| 000 | 00551nam a2200193 a 4500 | ||
|---|---|---|---|
| 005 | 20220622063528.0 | ||
| 008 | 080219s2000 mx r 000 0 spa d | ||
| 020 | _a95150700 | ||
| 035 | _aUPN01000154312 | ||
| 049 | _aI | ||
| 050 | 4 |
_aPZ76.3 _bT4.6 |
|
| 100 | 1 | _aTexier, Ophélie | |
| 245 | 1 | 0 |
_aPapá lobo / _cOphélie Texier ; tr. Anna Coll-Vinent. |
| 260 |
_aBarcelona, Esp. : _bCorimbo, _c2000. |
||
| 300 |
_a[24] p. : _bil. col. |
||
| 534 |
_pTraducción de : _tPapa loup |
||
| 650 | 0 |
_aAnimales _vCuentos y leyendas _9234 |
|
| 905 | _aInfantil | ||
| 999 |
_c126429 _d126429 |
||